| Record ID | ia:benjonsonsarteli0000dunn |
| Source | Internet Archive |
| Download MARC XML | https://archive.org/download/benjonsonsarteli0000dunn/benjonsonsarteli0000dunn_marc.xml |
| Download MARC binary | https://www.archive.org/download/benjonsonsarteli0000dunn/benjonsonsarteli0000dunn_meta.mrc |
LEADER: 00693cam 2200217 a 4500
001 0116300662438
008 690405s1963 nyua b eng u
010 $a 63009503
035 $a(Sirsi) AAE-7673
035 $a22668892.C..
040 $aOPET$beng
046 $aDLC
050 0 $aPR2638.D8 1963
090 0 $aPR 2638 .D86 1963$bb
100 1 $aDunn, Esther Cloudman,$d1891-
245 10 $aBen Jonson's art :$bElizabethan life and literature as reflected therein.
260 $aNew York :$bRussell & Russell,$c1963, c1925.
300 $a159 p. :$bill. ;$c23 cm.
504 $aIncludes bibliographical references.
600 10 $aJonson, Ben,$d1573?-1637.
651 0 $aEngland$xSocial life and customs.